Escritura femenina. Una lectura desde los estudios del género del poemario La mano suicida, de María Montero /
Resumen: En el artículo se aborda el poemario La mano suicida, de la escritora costarricense María Montero, desde la perspectiva de los estudios de género, y expecíficamente desde el concepto de "escritura femenina", de Héléne Cixous, con el objetivo de demostrar de qué forma esa escritura...
Kaydedildi:
| Materyal Türü: | Bilinmiyor |
|---|---|
| Dil: | Spanish |
| Konular: | |
| Etiketler: |
Etiketle
Etiket eklenmemiş, İlk siz ekleyin!
|
MARC
| LEADER | 000000000a22000000004500 | ||
|---|---|---|---|
| 001 | 004549 | ||
| 041 | 0 | |a spa | |
| 100 | 1 | ||
| 245 | 1 | 0 | |a Escritura femenina. Una lectura desde los estudios del género del poemario La mano suicida, de María Montero / |c Gustavo Solórzano Alfaro. |
| 310 | |a Semestral | ||
| 520 | |a Resumen: En el artículo se aborda el poemario La mano suicida, de la escritora costarricense María Montero, desde la perspectiva de los estudios de género, y expecíficamente desde el concepto de "escritura femenina", de Héléne Cixous, con el objetivo de demostrar de qué forma esa escritura femenina deviene en ejercicio de emancipación | ||
| 650 | 4 | |a MONTERO, MARIA. LA MANO SUICIDA | |
| 650 | 4 | |a LITERATURA COSTARRICENSE | |
| 773 | 0 | |x 0379-3974 |d Cartago, Costa Rica : Tecnológico de Costa Rica |t Revista Comunicación |g volumen 2, número 1 (enero-junio, 2011), páginas 4-12 páginas | |
| 942 | |c ARC | ||
| 999 | |c 11399 |d 11399 | ||
